| 000 | 01393cam a22002771i 4500 | ||
|---|---|---|---|
| 003 | SA-RiAUC | ||
| 005 | 20250916130151.0 | ||
| 008 | 241007s1977 ti g 001 0 ara c | ||
| 040 |
_aSA-RiAUC _bara _cSA-RiAUC _erda |
||
| 050 | 4 | _b.B56 1977 | |
| 082 | 0 | 4 |
_a232.86 _qSA-RiAUC |
| 090 |
_a232.86 _bا ب ن ر |
||
| 100 | 1 |
_aابن رشيد، محمد بن عمر بن محمد، _d657-721 هجري _eمؤلف. |
|
| 245 | 1 | 0 |
_aكتاب السنن الأبين والمورد الأمعن في المحاكمة بين الإمامين في السند المعنعن / _cأبو عبد الله محمد بن عمر بن محمد بن رشيد الفهري السبتي ؛ تقديم وتحقيق محمد الحبيب بن الخوجة. |
| 246 | 3 | 0 | _aالسنن الأبين والمورد الأمعن في المحاكمة بين الإمامين في السند المعنعن |
| 264 | 1 |
_aتونس : _bالدار التونسية للنشر، _c1977 |
|
| 300 |
_a217 صفحة ؛ _c23 سم |
||
| 336 |
_aنص _btxt _2rdacontent _3كتاب |
||
| 337 |
_aبدون وسيط _bn _2rdamedia |
||
| 338 |
_aمجلد _bnc _2rdacarrier |
||
| 500 | _aيشتمل على كشافات. | ||
| 650 | 7 |
_aالحديث _xالمسانيد _2aucsh |
|
| 700 | 1 |
_aبن الخوجة، محمد الحبيب، _d1922-2012 _eمقدم. |
|
| 942 |
_2ddc _cBOOK _n0 |
||
| 949 |
_aSA-JeALM _d241007 _umohamedma123 _n1 |
||
| 999 |
_c1009 _d1009 |
||